Circuitos electrónicos. Análisis, diseño y simulación

Uloženo v:
Podrobná bibliografie
Hlavní autor: Malik, Norbert R. (autor)
Médium: Kniha
Jazyk:španělština
Vydáno: Madrid, España Prentice Hall 1996
Témata:
On-line přístup:Disponible Online - Cap 3 al 6
Tagy: Přidat tag
Žádné tagy, Buďte první, kdo vytvoří štítek k tomuto záznamu!

MARC

LEADER 00000nam a2200000 a 4500
001 UCO5674
003 CL-VaPUC
005 20210804194655.0
008 000908e19960000SP |||||||||||||||||spa|d
999 |c 291515  |d 291513 
020 |a 8489660034 
040 |c Pontificia Universidad Católica de Valparaíso 
082 0 4 |a 621.38132 MAL 1996  |2 21 
100 |a Malik, Norbert R.  |e autor  |9 450394 
245 1 0 |a Circuitos electrónicos.  |b Análisis, diseño y simulación 
260 |a Madrid, España   |b Prentice Hall  |c 1996 
300 |a 1136 páginas  
583 |a last modification  |c 20140623 04:58:08  |k Rodrigo Vera 
650 0 |a Amplificadores operacionales   |2 CL-VaPUC  |9 260740 
650 0 |a Circuitos de potencia   |2 CL-VaPUC  |9 450395 
650 0 |a Circuitos electrónicos  |9 260204 
650 0 |a Conductores eléctricos  |9 263132 
650 0 |a Procesamiento de señales   |9 260702 
650 0 |a Transistores  |9 260330 
856 |u http://bibliografiadigital.pucv.cl.pucv.idm.oclc.org/index.php/bibliotecapucv/catalog/book/622  |y Disponible Online - Cap 3 al 6  
942 |c BK  |2 ddc 
945 |d 20000908 00:00:00  |a vberengu 
952 |0 0  |1 0  |4 0  |6 621_381320000000000_MAL_1996  |7 0  |8 A  |9 341393  |a BIBING  |b BIBING  |d 2019-11-20  |i 364975K  |o 621.38132 MAL 1996  |p 364975K  |r 2025-01-20  |w 2019-11-20  |y BK  |k EIE 
952 |0 0  |1 0  |4 0  |6 621_381320000000000_MAL_1996  |7 0  |8 A  |9 341394  |a BIBING  |b BIBING  |d 2019-11-20  |i 3649792  |o 621.38132 MAL 1996  |p 3649792  |r 2025-01-20  |w 2019-11-20  |y BK  |k EIE 
952 |0 0  |1 0  |4 0  |6 621_381320000000000_MAL_1996  |7 0  |8 A  |9 341395  |a BIBING  |b BIBING  |d 2019-11-20  |i 3649806  |o 621.38132 MAL 1996  |p 3649806  |r 2025-01-20  |w 2019-11-20  |y BK  |k EIE 
952 |0 0  |1 0  |4 0  |6 621_381320000000000_MAL_1996  |7 0  |8 A  |9 341398  |a BIBING  |b BIBING  |d 2019-11-20  |i 3649849  |o 621.38132 MAL 1996  |p 3649849  |r 2023-03-02  |w 2019-11-20  |y BK  |k EIE 
952 |0 0  |1 0  |4 0  |6 621_381320000000000_MAL_1996  |7 0  |8 A  |9 341399  |a BIBING  |b BIBING  |d 2019-11-20  |i 3649857  |o 621.38132 MAL 1996  |p 3649857  |r 2025-01-20  |w 2019-11-20  |y BK  |k EIE 
952 |0 0  |1 0  |4 0  |6 621_381320000000000_MAL_1996  |7 0  |8 A  |9 341400  |a BIBING  |b BIBING  |d 2019-11-20  |i 3649865  |o 621.38132 MAL 1996  |p 3649865  |r 2025-01-20  |w 2019-11-20  |y BK  |k EIE 
952 |0 0  |1 0  |4 0  |6 621_381320000000000_MAL_1996  |7 0  |8 A  |9 341401  |a BIBING  |b BIBING  |d 2019-11-20  |i 3649873  |o 621.38132 MAL 1996  |p 3649873  |r 2025-01-20  |w 2019-11-20  |y BK  |k EIE 
952 |0 0  |1 0  |4 0  |6 621_381320000000000_MAL_1996  |7 0  |8 A  |9 341402  |a BIBING  |b BIBING  |d 2019-11-20  |i 3649881  |o 621.38132 MAL 1996  |p 3649881  |r 2025-01-20  |w 2019-11-20  |y BK  |k EIE 
952 |0 0  |1 0  |4 0  |6 621_381320000000000_MAL_1996  |7 0  |8 A  |9 341403  |a BIBING  |b BIBING  |d 2019-11-20  |i 364989K  |o 621.38132 MAL 1996  |p 364989K  |r 2025-01-20  |w 2019-11-20  |y BK  |k EIE 
952 |0 0  |1 0  |4 0  |6 621_381320000000000_MAL_1996  |7 0  |8 A  |9 341404  |a BIBING  |b BIBING  |d 2019-11-20  |i 3649903  |o 621.38132 MAL 1996  |p 3649903  |r 2025-01-20  |w 2019-11-20  |y BK  |k EIE 
952 |0 0  |1 0  |4 0  |6 621_381320000000000_MAL_1996  |7 0  |8 A  |9 341405  |a BIBING  |b BIBING  |d 2019-11-20  |i 364992K  |o 621.38132 MAL 1996  |p 364992K  |r 2025-01-20  |w 2019-11-20  |y BK  |k EIE 
952 |0 0  |1 0  |4 0  |6 621_381320000000000_MAL_1996  |7 0  |8 A  |9 341407  |a BIBING  |b BIBING  |d 2019-11-20  |i 3649784  |l 1  |o 621.38132 MAL 1996  |p 3649784  |r 2025-01-20  |s 2023-10-13  |w 2019-11-20  |y BK  |k EIE 
952 |0 0  |1 0  |4 0  |6 621_381320000000000_MAL_1996  |7 0  |8 A  |9 341408  |a BIBING  |b BIBING  |d 2019-11-20  |i 4613988  |o 621.38132 MAL 1996  |p 4613988  |r 2025-01-20  |w 2019-11-20  |y BK  |k EIE